[Event "BCF-chT4S 1819 (4NCL)"]
[Site "England"]
[Date "2019.04.13"]
[Round "7.54"]
[White "Headlong, Benjamin"]
[Black "Buttell, David"]
[Result "1/2-1/2"]
[WhiteElo "1765"]
[BlackElo "1945"]
[PlyCount "100"]
[EventDate "2018.11.17"]
[EventType "team-swiss"]
[EventRounds "11"]
[EventCountry "ENG"]
[SourceTitle "EXT 2021"]
[Source "ChessBase"]
[SourceDate "2020.10.23"]
[SourceVersion "1"]
[SourceVersionDate "2020.10.23"]
[SourceQuality "1"]
[WhiteTeam "Check Innmates II"]
[BlackTeam "Celtic Tigers II"]
[WhiteTeamCountry "ENG"]
[BlackTeamCountry "ENG"]

1. e4 c5 2. d4 cxd4 3. c3 dxc3 4. Nxc3 d6 5. Nf3 Nf6 6. e5 dxe5 7. Bb5+ Bd7 8. Nxe5 Nc6 9. Nxd7 Qxd7 10. Qxd7+ Nxd7 11. Bxc6 bxc6 12. 0-0 e6 13. Be3 Be7 14. Rfd1 Nf6 15. Bg5 Nd5 16. Bxe7 Kxe7 17. Ne4 Rhb8 18. b3 a5 19. Nc5 Ra7 20. Rac1 h6 21. Na4 g6 22. h3 Nb6 23. Nxb6 Rxb6 24. Rc4 Rb4 25. Rxc6 a4 26. Rc4 Rab7 27. Rxb4 Rxb4 28. bxa4 Rxa4 29. Rd2 e5 30. f3 f5 31. Kf2 Ke6 32. g4 f4 33. h4 g5 34. h5 e4 35. fxe4 Ke5 36. Rb2 Kxe4 37. Re2+ Kd5 38. Rb2 Ra3 39. Rb5+ Kc4 40. Rb6 Rxa2+ 41. Kf3 Ra3+ 42. Kf2 Rg3 43. Rxh6 Rxg4 44. Rg6 Kd4 45. h6 Ke4 46. h7 Rh4 47. Rxg5 Rxh7 48. Ra5 Rh2+ 49. Kf1 f3 50. Ra8 Ke3 1/2-1/2

[Event "BCF-chT4S 1617 (4NCL)"]
[Site "England"]
[Date "2017.04.29"]
[Round "9.15"]
[White "Headlong, Benjamin"]
[Black "Cole, Graham"]
[Result "1/2-1/2"]
[WhiteElo "1787"]
[BlackElo "1842"]
[PlyCount "27"]
[EventDate "2016.11.26"]
[EventType "team-swiss"]
[EventRounds "11"]
[EventCountry "ENG"]
[SourceTitle "EXT 2019"]
[Source "ChessBase"]
[SourceDate "2018.10.10"]
[SourceVersion "1"]
[SourceVersionDate "2018.10.10"]
[SourceQuality "1"]
[WhiteTeam "Brown Jack II"]
[BlackTeam "Oxford II"]
[WhiteTeamCountry "ENG"]
[BlackTeamCountry "ENG"]

1. e4 c5 2. Nf3 d6 3. c3 Nc6 4. h3 Nf6 5. Bd3 e5 6. Bc2 Be7 7. 0-0 h6 8. d4 0-0 9. d5 Nb8 10. c4 Bd7 11. Nc3 a6 12. Re1 Re8 13. a3 Qc7 14. Qe2 1/2-1/2

[Event "BCF-chT4S 1617 (4NCL)"]
[Site "England"]
[Date "2017.02.12"]
[Round "6.46"]
[White "Matilal, Tamal"]
[Black "Headlong, Benjamin"]
[Result "1-0"]
[WhiteElo "1397"]
[BlackElo "1787"]
[PlyCount "109"]
[EventDate "2016.11.26"]
[EventType "team-swiss"]
[EventRounds "11"]
[EventCountry "ENG"]
[SourceTitle "EXT 2019"]
[Source "ChessBase"]
[SourceDate "2018.10.10"]
[SourceVersion "1"]
[SourceVersionDate "2018.10.10"]
[SourceQuality "1"]
[WhiteTeam "Oxford III"]
[BlackTeam "Brown Jack II"]
[WhiteTeamCountry "ENG"]
[BlackTeamCountry "ENG"]

1. Nf3 Nc6 2. d4 d5 3. g3 Bf5 4. Bg2 e6 5. a3 Nf6 6. c4 Be7 7. 0-0 0-0 8. Nc3 Ne4 9. cxd5 Nxc3 10. bxc3 exd5 11. Bf4 Bd6 12. Ne5 Bxe5 13. dxe5 Be6 14. Qd2 Na5 15. Rfb1 d4 16. Bxb7 Rb8 17. Be4 Nb3 18. Rxb3 Rxb3 19. cxd4 Bd5 20. Qc2 h6 21. Bh7+ Kh8 22. e4 Rb6 23. exd5 Qxd5 24. Rd1 Rc6 25. Qe4 Qb3 26. Rb1 Qa4 27. d5 Rc4 28. Qf5 Qa6 29. e6 f6 30. Bg6 Qc8 31. e7 Re8 32. Qxc8 Rxc8 33. e8Q+ Rxe8 34. Bxe8 Kh7 35. h4 g5 36. hxg5 hxg5 37. Rc1 Re4 38. Rxc7+ Kh6 39. Bc1 Rxe8 40. Rc6 Kg6 41. Kg2 Re1 42. Bb2 Rd1 43. Rxf6+ Kh7 44. d6 Rd2 45. Bc1 Rd5 46. Kf3 Kg7 47. Bb2 Kh7 48. Ke4 Rd2 49. Bd4 Re2+ 50. Kd5 Ra2 51. d7 Rxa3 52. d8R Ra5+ 53. Bc5 Kg7 54. Rc6 Rxc5+ 55. Kxc5 1-0

[Event "Witney op-C"]
[Site "Witney"]
[Date "2016.10.22"]
[Round "2"]
[White "Sengenberger, Sara"]
[Black "Headlong, Benjamin"]
[Result "1-0"]
[WhiteElo "1100"]
[BlackElo "1675"]
[PlyCount "83"]
[EventDate "2016.10.22"]
[EventType "swiss"]
[EventRounds "5"]
[EventCountry "ENG"]
[SourceTitle "EXT 2025"]
[Source "ChessBase"]
[SourceDate "2024.10.14"]
[SourceVersion "1"]
[SourceVersionDate "2024.10.14"]
[SourceQuality "1"]

1. e4 e5 2. Nf3 Nc6 3. d4 exd4 4. Bc4 Nf6 5. 0-0 Nxe4 6. Re1 d5 7. Bb3 Be6 8. c3 dxc3 9. bxc3 Bc5 10. Be3 Bxe3 11. Rxe3 0-0 12. Nd4 Nxd4 13. cxd4 Qh4 14. Qe2 Ng5 15. Nc3 c6 16. Bc2 Bg4 17. Qd3 f5 18. Bb3 f4 19. Re5 f3 20. Ne4 Nxe4 21. Rxe4 Kh8 22. Re3 fxg2 23. Rg3 Bf5 24. Qd2 Bg6 25. Bc2 Bxc2 26. Qxc2 Qxd4 27. Rd1 Qf6 28. Rxg2 Rae8 29. Rg3 d4 30. Qd2 c5 31. Rb1 b6 32. Kg2 Qc6+ 33. Kg1 Rf6 34. Re1 Rxe1+ 35. Qxe1 Rf8 36. Qe5 Qf6 37. Qe2 Qf5 38. Kg2 Qd5+ 39. Kg1 c4 40. Qg4 Qe5 41. Rf3 Rxf3 42. Qc8+ 1-0

[Event "Sunningdale e2e4 U1800 op 04"]
[Site "Sunningdale"]
[Date "2014.04.19"]
[Round "4"]
[White "Headlong, Benjamin"]
[Black "Gergelova, Monika"]
[Result "1-0"]
[WhiteElo "1563"]
[BlackElo "1271"]
[PlyCount "111"]
[EventDate "2014.04.17"]
[EventType "swiss"]
[EventRounds "7"]
[EventCountry "ENG"]
[SourceTitle "EXT 2015"]
[Source "ChessBase"]
[SourceDate "2014.11.20"]
[SourceVersion "1"]
[SourceVersionDate "2014.11.20"]
[SourceQuality "1"]

1. e4 e5 2. Nf3 Nc6 3. Bc4 Bc5 4. 0-0 d6 5. h3 h6 6. Nc3 Nge7 7. d3 Nd4 8. Be3 Nxf3+ 9. Qxf3 0-0 10. Bxc5 dxc5 11. Rad1 c6 12. a4 a5 13. Ne2 b5 14. axb5 cxb5 15. Bxb5 Be6 16. Bc4 Qb6 17. b3 a4 18. bxa4 Rxa4 19. Bxe6 Qxe6 20. Nc3 Rb4 21. Rb1 Rfb8 22. Rxb4 cxb4 23. Rb1 Nc6 24. Nd5 Nd4 25. Qd1 Qd6 26. Qd2 Nc6 27. Kf1 Rb7 28. Rb3 Qb8 29. c3 bxc3 30. Rxc3 Rb1+ 31. Rc1 Nd4 32. Qd1 Rxc1 33. Qxc1 f6 34. g3 Qe8 35. g4 Kh7 36. Qc7 Qf8 37. Qe7 Qxe7 38. Nxe7 Ne6 39. Nd5 Ng5 40. Kg2 Ne6 41. h4 Kg6 42. h5+ Kf7 43. f3 g5 44. Kf2 Nd4 45. Ne3 Ke6 46. Nf5 Nxf5 47. gxf5+ Kd6 48. Ke3 Kc5 49. Ke2 Kd4 50. Kd2 Kc5 51. Kc3 Kb5 52. d4 exd4+ 53. Kxd4 Kc6 54. e5 fxe5+ 55. Kxe5 Kd7 56. Kf6 1-0